| 000 | 00990nam0a22002891 4500 | ||
|---|---|---|---|
| 001 | rc\3937159 | ||
| 005 | 20250611031123.0 | ||
| 021 |
_aRU _b[56-24658] |
||
| 035 | _a(NLR Aleph) 008036160 | ||
| 090 |
_a8852067 _c8852067 |
||
| 100 | _a20130415d1956 |||y0rusy50 ca | ||
| 101 | 0 | _arus | |
| 102 | _aRU | ||
| 105 | _aa z ||||| | ||
| 200 | 1 | _aНа реактивных самолетах | |
| 210 |
_aМосква _cВоениздат _d1956 |
||
| 215 |
_a167 с. _cил. _d21 |
||
| 300 | _aПеред загл. авт.: полк. Н.Н. Денисов | ||
| 606 |
_aСамолеты реактивные _2psbo |
||
| 606 |
_aРеактивные двигатели _2psbo |
||
| 700 | 1 |
_4070 _7ca _8rus _aДенисов _bН. Н. _cжурналист, полковник _f1909-1983 _gНиколай Николаевич _9269584 _3RU\NLR\AUTH\770269640 |
|
| 801 | 0 |
_aRU _bNLR _gpsbo |
|
| 801 | 1 |
_aRU _bELAR _2rusmarc |
|
| 852 |
_aNLR _jВ80 Г-3/73 |
||
| 942 | _cBOOK | ||
| 980 | _aNB | ||